[Event "LSS RC-2010-0-00060"]
[Site "LSS email"]
[Date "2011.02.14"]
[Round "?"]
[White "Grigoryan, Gagik"]
[Black "Pott, Brian"]
[Result "1-0"]
[WhiteElo "1674"]
[BlackElo "1635"]
[PlyCount "93"]
[EventDate "2010.12.21"]
[EventType "tourn (corr)"]
[EventRounds "6"]
[EventCountry "GER"]
[SourceTitle "Telechess CBM 145"]
[Source "Chessbase"]
[SourceDate "2011.11.11"]
[SourceVersion "1"]
[SourceVersionDate "2011.11.11"]
[SourceQuality "1"]

1. d4 Nf6 2. c4 g6 3. Nc3 Bg7 4. e4 d6 5. Nf3 0-0 6. Be2 e5 7. 0-0 Nc6 8. d5 Ne7 9. Ne1 Nd7 10. Nd3 f5 11. Bd2 Nf6 12. f3 f4 13. c5 g5 14. cxd6 cxd6 15. Nf2 h5 16. h3 Ng6 17. Qc2 Rf7 18. Rfc1 a6 19. a4 Nh4 20. a5 g4 21. hxg4 hxg4 22. fxg4 Bf8 23. Na4 Rg7 24. Qd1 Nxg2 25. Rxc8 Rxc8 26. Kxg2 Nh5 27. Nh1 Rcc7 28. Bf3 Nf6 29. Nf2 Nh5 30. Be1 Rg6 31. Nb6 Rh7 32. Nc4 Qh4 33. Nd2 Qd8 34. Qb3 Qc8 35. Ra4 Qc1 36. Bd1 Qc8 37. Rc4 Qd7 38. Rc3 Nf6 39. Kf1 Qg7 40. Rc1 Qd7 41. Qc3 Nxg4 42. Bxg4 Rxg4 43. Nxg4 Qxg4 44. Qf3 Qd7 45. Bf2 Rh3 46. Qg2+ Kh8 47. Ke2 1-0

[Event "LSS RC-2010-0-00060"]
[Site "LSS email"]
[Date "2011.02.14"]
[Round "?"]
[White "Vasquez, Gerardo"]
[Black "Grigoryan, Gagik"]
[Result "1/2-1/2"]
[WhiteElo "1645"]
[BlackElo "1674"]
[PlyCount "175"]
[EventDate "2010.12.21"]
[EventType "tourn (corr)"]
[EventRounds "6"]
[EventCountry "GER"]
[SourceTitle "Telechess CBM 145"]
[Source "Chessbase"]
[SourceDate "2011.11.11"]
[SourceVersion "1"]
[SourceVersionDate "2011.11.11"]
[SourceQuality "1"]

1. e4 c5 2. Nf3 Nc6 3. Nc3 e6 4. d4 cxd4 5. Nxd4 Nf6 6. Ndb5 d6 7. Bf4 e5 8. Bg5 a6 9. Na3 b5 10. Bxf6 gxf6 11. Nd5 Bg7 12. Bd3 Ne7 13. Nxe7 Qxe7 14. 0-0 0-0 15. c4 f5 16. Qf3 bxc4 17. Nxc4 d5 18. exd5 e4 19. Qe3 Bb7 20. d6 Qf6 21. Bc2 f4 22. Qh3 Rac8 23. b3 Qg5 24. Rad1 f5 25. d7 Rcd8 26. b4 Bc6 27. Na5 Ba8 28. Nb3 Rf6 29. Nc5 Kf8 30. b5 Rh6 31. Qa3 Qe7 32. Bb3 Be5 33. Bd5 Kg7 34. Rfe1 f3 35. gxf3 Bxh2+ 36. Kf1 Bxd5 37. Rxd5 Bd6 38. fxe4 Rh1+ 39. Ke2 Bxc5 40. Qg3+ Kh8 41. Qc3+ Kg8 42. Rxc5 Qxe4+ 43. Qe3 Qg4+ 44. f3 Qg2+ 45. Qf2 Rxe1+ 46. Kxe1 Qg7 47. a4 Qxd7 48. Qg2+ Kh8 49. Qb2+ Kg8 50. Qb3+ Kg7 51. Qc3+ Kg8 52. Qb3+ Kg7 53. Qc3+ Kg8 54. Qc4+ Kh8 55. Qe2 axb5 56. axb5 Kg7 57. Kf1 Qd3 58. Qxd3 Rxd3 59. Ke2 Rb3 60. Rxf5 Kg6 61. Rc5 h5 62. Kf2 h4 63. Kg2 h3+ 64. Kg3 h2 65. Rc1 Rxb5 66. Kxh2 Kg5 67. Kg3 Ra5 68. Rc4 Rb5 69. Rc8 Ra5 70. Rc7 Rb5 71. Rc8 Ra5 72. Rc7 Rb5 73. Rd7 Ra5 74. Rd8 Rb5 75. Rg8+ Kf5 76. Rf8+ Kg5 77. Rg8+ Kf5 78. Rf8+ Kg5 79. Re8 Ra5 80. Rg8+ Kf5 81. Rf8+ Kg5 82. Rg8+ Kf5 83. Rh8 Kg5 84. Re8 Kf5 85. Re4 Rb5 86. Rf4+ Kg5 87. Ra4 Kf5 88. Rf4+ 1/2-1/2

[Event "LSS SD-2010-0-00071"]
[Site "LSS email"]
[Date "2010.10.10"]
[Round "?"]
[White "Grigoryan, Gagik"]
[Black "Moreira, Carlos Alberto Lima"]
[Result "1/2-1/2"]
[WhiteElo "1536"]
[BlackElo "1576"]
[PlyCount "77"]
[EventDate "2010.08.28"]
[EventType "tourn (corr)"]
[EventRounds "6"]
[EventCountry "GER"]
[SourceTitle "Telechess CBM 143"]
[Source "ChessBase"]
[SourceDate "2011.07.15"]
[SourceVersion "1"]
[SourceVersionDate "2011.07.15"]
[SourceQuality "1"]

1. d4 Nf6 2. c4 g6 3. Nc3 Bg7 4. e4 d6 5. Nf3 0-0 6. Be2 e5 7. 0-0 exd4 8. Nxd4 Re8 9. f3 Nc6 10. Be3 Nh5 11. Qd2 Bxd4 12. Bxd4 Nxd4 13. Qxd4 Qf6 14. Qxf6 Nxf6 15. Nd5 Nxd5 16. cxd5 Bd7 17. Rac1 Rac8 18. Rc2 Kf8 19. Rfc1 c6 20. dxc6 Rxc6 21. Kf2 Rec8 22. Bd3 Ke7 23. Ke3 Be6 24. a3 Bb3 25. Rxc6 bxc6 26. Ba6 Rc7 27. Rc3 Be6 28. b4 c5 29. Bd3 f5 30. exf5 gxf5 31. g3 h6 32. f4 Kf6 33. Be2 Bd5 34. Kd2 Bg2 35. bxc5 Rxc5 36. Rxc5 dxc5 37. Ba6 Bc6 38. Kc3 Ke6 39. Bd3 1/2-1/2

[Event "CP-2010-P-00058"]
[Site "LSS email"]
[Date "2010.09.28"]
[Round "?"]
[White "Grigoryan, Gagik"]
[Black "Mary, Patrick"]
[Result "1/2-1/2"]
[WhiteElo "1565"]
[BlackElo "2176"]
[PlyCount "90"]
[EventDate "2010.10.01"]
[EventType "tourn (corr)"]
[EventRounds "6"]
[EventCountry "GER"]
[SourceTitle "Telechess CBM 143"]
[Source "ChessBase"]
[SourceDate "2011.07.15"]
[SourceVersion "1"]
[SourceVersionDate "2011.07.15"]
[SourceQuality "1"]

1. d4 Nf6 2. c4 e6 3. Nf3 d5 4. g3 dxc4 5. Bg2 Nc6 6. Qa4 Bb4+ 7. Bd2 Nd5 8. Bxb4 Ndxb4 9. 0-0 Rb8 10. Na3 0-0 11. Qb5 Qe7 12. Qxc4 Rd8 13. Rfd1 b6 14. Qc3 Ba6 15. Nc4 Bxc4 16. Qxc4 Na5 17. Qc3 c5 18. dxc5 Qxc5 19. Rxd8+ Rxd8 20. Qxc5 bxc5 21. Rc1 c4 22. Bf1 Kf8 23. a3 Nd5 24. e3 Nb6 25. Rc2 Ke7 26. Nd2 Rb8 27. Kg2 Rb7 28. Kf3 Na4 29. Nxc4 Nxc4 30. Rxc4 Nxb2 31. Rc5 Kd6 32. Ra5 Nd1 33. Ra6+ Rb6 34. Ra4 e5 35. Rc4 f5 36. Rc2 Rb2 37. Rxb2 Nxb2 38. e4 fxe4+ 39. Kxe4 a5 40. Be2 Kc5 41. Kxe5 Nc4+ 42. Bxc4 Kxc4 43. f4 Kb3 44. Kd4 Kxa3 45. Kc3 Ka4 1/2-1/2

[Event "LSS RD-2010-0-00036"]
[Site "LSS email"]
[Date "2010.09.09"]
[Round "?"]
[White "Grigoryan, Gagik"]
[Black "Bossi, Noemi"]
[Result "1-0"]
[WhiteElo "1473"]
[BlackElo "1563"]
[PlyCount "45"]
[EventDate "2010.07.04"]
[EventType "tourn (corr)"]
[EventRounds "6"]
[EventCountry "GER"]
[SourceTitle "Telechess CBM 143"]
[Source "ChessBase"]
[SourceDate "2011.07.15"]
[SourceVersion "1"]
[SourceVersionDate "2011.07.15"]
[SourceQuality "1"]

1. d4 e6 2. c4 Bb4+ 3. Bd2 c5 4. Bxb4 cxb4 5. g3 Nf6 6. Bg2 0-0 7. Nf3 d5 8. Nbd2 Nc6 9. 0-0 a5 10. Rc1 Qb6 11. e3 a4 12. Ne5 Nxe5 13. dxe5 Nd7 14. Nf3 dxc4 15. Rxc4 Qa5 16. Qd6 Nb6 17. Rc5 Qa6 18. Rfc1 Nd5 19. Nd4 Qxd6 20. exd6 Rd8 21. Bxd5 exd5 22. Rxd5 Ra6 23. d7 1-0

[Event "LSS RD-2010-0-00036"]
[Site "LSS email"]
[Date "2010.09.08"]
[Round "?"]
[White "Guaimare Rodriguez, Carlos Luis"]
[Black "Grigoryan, Gagik"]
[Result "0-1"]
[WhiteElo "1335"]
[BlackElo "1501"]
[PlyCount "60"]
[EventDate "2010.07.04"]
[EventType "tourn (corr)"]
[EventRounds "6"]
[EventCountry "GER"]
[SourceTitle "Telechess CBM 143"]
[Source "ChessBase"]
[SourceDate "2011.07.15"]
[SourceVersion "1"]
[SourceVersionDate "2011.07.15"]
[SourceQuality "1"]

1. e4 c5 2. Nf3 Nc6 3. d4 cxd4 4. Nxd4 Nf6 5. Nc3 e5 6. Ndb5 d6 7. Bg5 a6 8. Na3 b5 9. Bxf6 gxf6 10. Nd5 f5 11. Bd3 Be6 12. c3 Bg7 13. 0-0 0-0 14. Nc2 Bxd5 15. exd5 Ne7 16. c4 e4 17. Be2 bxc4 18. Bxc4 Qc7 19. Qe2 Bxb2 20. Rab1 Bg7 21. Rfc1 Bh6 22. Ne3 Rfc8 23. Qh5 Bxe3 24. fxe3 Qc5 25. Qg5+ Ng6 26. Qxf5 Qxe3+ 27. Kh1 Qf4 28. Qxf4 Nxf4 29. Bb3 Nd3 30. Rf1 e3 0-1

[Event "OP-2010-0-01233"]
[Site "LSS email"]
[Date "2010.09.06"]
[Round "?"]
[White "Dob, Gabor"]
[Black "Grigoryan, Gagik"]
[Result "1/2-1/2"]
[WhiteElo "1401"]
[BlackElo "1442"]
[PlyCount "53"]
[EventDate "2010.08.09"]
[EventType "tourn (corr)"]
[EventRounds "4"]
[EventCountry "GER"]
[SourceTitle "Telechess CBM 143"]
[Source "ChessBase"]
[SourceDate "2011.07.15"]
[SourceVersion "1"]
[SourceVersionDate "2011.07.15"]
[SourceQuality "1"]

1. e4 c5 2. Nf3 Nc6 3. d4 cxd4 4. Nxd4 Nf6 5. Nc3 e5 6. Ndb5 d6 7. Bg5 a6 8. Na3 b5 9. Nd5 Be7 10. Bxf6 Bxf6 11. c3 0-0 12. Nc2 Bg5 13. a4 bxa4 14. Rxa4 a5 15. Bc4 Rb8 16. b3 Kh8 17. 0-0 f5 18. exf5 Bxf5 19. Nce3 Bg6 20. Re1 Rb7 21. Bd3 Bxd3 22. Qxd3 Bxe3 23. fxe3 Rxb3 24. Qc4 Rb2 25. Qxc6 Qg5 26. Nf4 exf4 27. Rxf4 1/2-1/2

[Event "OP-2010-0-01233"]
[Site "LSS email"]
[Date "2010.09.06"]
[Round "?"]
[White "Grigoryan, Gagik"]
[Black "Pegado, Sergio Rodrigo"]
[Result "1-0"]
[WhiteElo "1566"]
[BlackElo "890"]
[PlyCount "59"]
[EventDate "2010.08.09"]
[EventType "tourn (corr)"]
[EventRounds "4"]
[EventCountry "GER"]
[SourceTitle "Telechess CBM 143"]
[Source "ChessBase"]
[SourceDate "2011.07.15"]
[SourceVersion "1"]
[SourceVersionDate "2011.07.15"]
[SourceQuality "1"]

1. e4 e6 2. d4 d5 3. Nc3 Nf6 4. Bg5 dxe4 5. Nxe4 Nbd7 6. Nf3 h6 7. Nxf6+ Nxf6 8. Bh4 Bd7 9. Be2 Bc6 10. 0-0 Qd5 11. c4 Qe4 12. d5 exd5 13. Bd3 Qf4 14. Bg3 Qg4 15. Re1+ Be7 16. Qe2 Qd7 17. Ne5 Qd8 18. Nxc6 bxc6 19. cxd5 Nxd5 20. Be4 Qd7 21. Rac1 Rc8 22. Qc2 Nb4 23. Qb1 Qd2 24. Bf5 Rd8 25. Bxc7 Rd7 26. Bxd7+ Qxd7 27. Rxe7+ Kxe7 28. Qe4+ Kf8 29. Qxb4+ Kg8 30. Qd6 1-0

[Event "LSS SE-2010-0-00049"]
[Site "LSS email"]
[Date "2010.06.20"]
[Round "?"]
[White "Weimer, Dennis"]
[Black "Grigoryan, Gagik"]
[Result "1/2-1/2"]
[WhiteElo "1209"]
[BlackElo "1409"]
[PlyCount "79"]
[EventDate "2010.04.12"]
[EventType "tourn (corr)"]
[EventRounds "6"]
[EventCountry "GER"]
[SourceTitle "Telechess CBM 141"]
[Source "ChessBase"]
[SourceDate "2011.03.17"]
[SourceVersion "1"]
[SourceVersionDate "2011.03.17"]
[SourceQuality "1"]

1. Nf3 d5 2. c4 e6 3. Nc3 Nf6 4. d4 c6 5. e3 Nbd7 6. Bd3 dxc4 7. Bxc4 b5 8. Bd3 Bb7 9. 0-0 a6 10. e4 c5 11. d5 Qc7 12. b3 Be7 13. a4 exd5 14. Nxd5 Nxd5 15. exd5 0-0 16. axb5 axb5 17. Rxa8 Rxa8 18. Bxb5 Nf6 19. Bb2 Nxd5 20. Re1 Bf6 21. Be5 Bxe5 22. Rxe5 Nf4 23. Qe1 Rf8 24. Qe3 Nxg2 25. Kxg2 Bxf3+ 26. Kxf3 Qb7+ 27. Kg3 Qxb5 28. Rxc5 Qb8+ 29. Kg2 h6 30. Qg3 Qb7+ 31. Qf3 Qxf3+ 32. Kxf3 Rb8 33. Rc3 Rb4 34. Re3 f5 35. Kg2 Kf7 36. Kf3 g5 37. Ke2 h5 38. Kf3 h4 39. h3 g4+ 40. hxg4 1/2-1/2

[Event "OP-2010-0-01180"]
[Site "LSS email"]
[Date "2010.06.09"]
[Round "?"]
[White "Grigoryan, Gagik"]
[Black "Baticulon, Nestor"]
[Result "1-0"]
[WhiteElo "1398"]
[BlackElo "1354"]
[PlyCount "83"]
[EventDate "2010.06.03"]
[EventType "tourn (corr)"]
[EventRounds "4"]
[EventCountry "GER"]
[SourceTitle "Telechess CBM 141"]
[Source "ChessBase"]
[SourceDate "2011.03.17"]
[SourceVersion "1"]
[SourceVersionDate "2011.03.17"]
[SourceQuality "1"]

1. e4 e5 2. Nf3 Nc6 3. Bb5 a6 4. Ba4 Nf6 5. 0-0 Be7 6. Re1 b5 7. Bb3 0-0 8. c3 d6 9. h3 Rb8 10. d4 Bb7 11. a3 exd4 12. cxd4 Na5 13. Bc2 c5 14. Nc3 Rc8 15. e5 dxe5 16. dxe5 Qxd1 17. Rxd1 Ne8 18. Nd5 Bxd5 19. Rxd5 Rd8 20. Rxd8 Bxd8 21. Be3 Be7 22. Rd1 f5 23. Rd7 Nc6 24. Rxe7 Nxe7 25. Bxc5 Ng6 26. Bxf8 Nxf8 27. Bxf5 Nc7 28. Nd4 g6 29. Bc8 Kf7 30. f4 Ke8 31. Kf2 Kd8 32. Bg4 Nd5 33. g3 Nb6 34. b3 Nd5 35. Bf3 Nc7 36. g4 Kd7 37. f5 g5 38. Ke3 h6 39. Nc6 Ke8 40. Kd4 Nd7 41. e6 Nf8 42. Ke5 1-0